Textová komunikácia: v spisovnej angličtine alebo v texted English?

Pojem texted English. Aktuálny a v krajinách, kde sa angličtina používa ako materinský alebo druhý jazyk, diskutovaný problém vzniku a preniknutia SMS a internetového slangu do textovej mobilnej komunikácie a komunikácie na internete. Dôsledky tejto skutočnosti z hľadiska možnosti použitia textovej...

Descrizione completa

Salvato in:
Dettagli Bibliografici
Autore principale: Sztuková, Mária
Natura: Capitolo di libro
Lingua:slovacco
Soggetti:
Tags: Aggiungi Tag
Nessun Tag, puoi essere il primo ad aggiungerne!!

MARC

LEADER 00000nla a2200000 4500
001 0160455
005 20240502072801.7
041 0 |a slo 
044 |a SK 
245 1 0 |a Textová komunikácia: v spisovnej angličtine alebo v texted English?  |c Mária Sztuková 
520 |a Pojem texted English. Aktuálny a v krajinách, kde sa angličtina používa ako materinský alebo druhý jazyk, diskutovaný problém vzniku a preniknutia SMS a internetového slangu do textovej mobilnej komunikácie a komunikácie na internete. Dôsledky tejto skutočnosti z hľadiska možnosti použitia textovej komunikácie na vylepšenie si jazykových znalostí. 
610 2 0 |a jazyky cudzie 
610 2 0 |a angličtina 
610 2 0 |a komunikácia 
610 2 0 |a komunikácia elektronická 
610 2 0 |a vzdelávanie 
100 1 |a Sztuková, Mária